Less-Common Instruments - Statistics

General Stats
  • This quiz has been taken 42 times
  • The average score is 5 of 8
Answer Stats
Picture Hint Answer % Correct
Lower than the Baritone sax, higher than the contrabass. Bass Saxophone
85%
Pitched in the key of G Alto Flute
79%
Used in Sousa's 'Stars and Stripes Forever'. Piccolo
67%
Member of the Oboe Family: Name is a misnomer Cor Anglais
64%
Pitched an octave lower than the standard C flute Bass Flute
61%
Used in famous 'Penny Lane' Solo Piccolo Trumpet
61%
Highest instrument in the saxophone family; Goes by two names Sopranissimo Saxophone
30%
Member of the Oboe Family: Pitched slightly lower than the oboe Oboe D'Amore
18%
No matching quizzes found
Score Distribution
Percent of People with Each Score
Percentile by Number Answered
Your Score History
You have not taken this quiz